[Event "AUT-ch U18"]
[Site "Woerth"]
[Date "2014.04.13"]
[Round "1"]
[White "Rauchlahner, Robert Jr"]
[Black "Tamele, Daniel"]
[Result "1-0"]
[WhiteElo "1776"]
[BlackElo "1964"]
[PlyCount "61"]
[EventDate "2014.04.13"]
[EventType "swiss"]
[EventRounds "7"]
[EventCountry "AUT"]
[SourceTitle "EXT 2015"]
[Source "ChessBase"]
[SourceDate "2014.11.20"]
[SourceVersion "1"]
[SourceVersionDate "2014.11.20"]
[SourceQuality "1"]

1. c4 e6 2. d4 d5 3. Nf3 Nf6 4. Nc3 Be7 5. Bf4 c6 6. e3 0-0 7. Qc2 Nbd7 8. Bd3 a6 9. Ne5 dxc4 10. Bxc4 Nxe5 11. Bxe5 Nd7 12. Bd3 h6 13. Bg3 c5 14. d5 Nf6 15. dxe6 Bxe6 16. 0-0 b5 17. Ne4 Qb6 18. Be5 Nd5 19. a3 Rfd8 20. Rfd1 f6 21. Bg3 Bg4 22. Rd2 c4 23. Be2 Bxe2 24. Rxe2 f5 25. Nc3 Nxc3 26. bxc3 Rd3 27. Be5 Bf6 28. Bd4 Bxd4 29. exd4 Qa5 30. Re3 Qxc3 31. Qxc3 1-0

[Event "Steyr Landesliga 1314"]
[Site "Austria"]
[Date "2013.10.19"]
[Round "2.8"]
[White "Zivkovic, Mato"]
[Black "Rauchlahner, Robert Jr"]
[Result "0-1"]
[WhiteElo "1246"]
[BlackElo "1777"]
[PlyCount "62"]
[EventDate "2013.09.28"]
[EventType "team-tourn"]
[EventRounds "11"]
[EventCountry "AUT"]
[SourceTitle "EXT 2015"]
[Source "ChessBase"]
[SourceDate "2014.11.20"]
[SourceVersion "1"]
[SourceVersionDate "2014.11.20"]
[SourceQuality "1"]
[WhiteTeam "Hartberg"]
[BlackTeam "Leoben"]
[WhiteTeamCountry "AUT"]
[BlackTeamCountry "AUT"]

1. e4 c5 2. Nf3 d6 3. Nc3 Nc6 4. Bb5 Bd7 5. 0-0 g6 6. Re1 Bg7 7. a3 e6 8. Bf1 Nge7 9. Nb5 Bc8 10. Rb1 a6 11. Nc3 0-0 12. d3 Nd4 13. Be3 Nec6 14. Na2 Nxf3+ 15. Qxf3 Nd4 16. Qd1 f5 17. c3 f4 18. cxd4 fxe3 19. fxe3 cxd4 20. exd4 Bxd4+ 21. Kh1 Qh4 22. g3 Qh6 23. Re2 e5 24. Qb3+ Kh8 25. Nb4 Bf2 26. Rxf2 Rxf2 27. Bg2 Bh3 28. Rg1 Bxg2+ 29. Rxg2 Raf8 30. Qe6 Rf1+ 31. Rg1 Qc1 0-1

[Event "Steyr Landesliga 1213"]
[Site "Austria"]
[Date "2013.04.27"]
[Round "10.8"]
[White "Huber, Elke Carola"]
[Black "Rauchlahner, Robert Jr"]
[Result "1/2-1/2"]
[WhiteElo "1727"]
[BlackElo "1739"]
[PlyCount "48"]
[EventDate "2012.09.22"]
[EventType "team-tourn"]
[EventRounds "11"]
[EventCountry "AUT"]
[SourceTitle "EXT 2014"]
[Source "ChessBase"]
[SourceDate "2013.11.20"]
[SourceVersion "1"]
[SourceVersionDate "2013.11.20"]
[SourceQuality "1"]
[WhiteTeam "Graz Schachfreunde"]
[BlackTeam "Leoben"]
[WhiteTeamCountry "AUT"]
[BlackTeamCountry "AUT"]

1. d4 d5 2. c4 c6 3. Nf3 Nf6 4. e3 e6 5. b3 Nbd7 6. Bb2 Bd6 7. Nbd2 0-0 8. Ne5 Ne4 9. Bd3 Bxe5 10. Bxe4 dxe4 11. dxe5 Qa5 12. 0-0 Nxe5 13. Nxe4 Rd8 14. Qh5 Nxc4 15. Rfd1 Bd7 16. Ng5 Nxb2 17. Qxf7+ Kh8 18. Qh5 Qf5 19. e4 Be8 20. Rxd8 Rxd8 21. Qxe8+ Rxe8 22. exf5 exf5 23. Nf7+ Kg8 24. Nd6 Re7 1/2-1/2

[Event "AUT-ch U18"]
[Site "Marz"]
[Date "2013.03.27"]
[Round "6"]
[White "Rauchlahner, Robert Jr"]
[Black "Penz, Florian"]
[Result "1/2-1/2"]
[WhiteElo "1739"]
[BlackElo "1757"]
[PlyCount "61"]
[EventDate "2013.03.24"]
[EventType "swiss"]
[EventRounds "7"]
[EventCountry "AUT"]
[SourceTitle "CBM 153 Extra"]
[Source "ChessBase"]
[SourceDate "2013.04.22"]
[SourceVersion "1"]
[SourceVersionDate "2013.04.22"]
[SourceQuality "1"]

1. d4 d5 2. Nf3 Nf6 3. c4 c6 4. Nc3 dxc4 5. a4 Bf5 6. e3 e6 7. Bxc4 Bb4 8. Qe2 0-0 9. 0-0 Nbd7 10. e4 Bg6 11. e5 Nd5 12. Nxd5 cxd5 13. Bd3 Bxd3 14. Qxd3 Be7 15. Be3 Qb6 16. Rfc1 Rfc8 17. Rxc8+ Rxc8 18. h3 h6 19. Nd2 Bb4 20. b3 a5 21. Ra2 Nb8 22. Rc2 Rxc2 23. Qxc2 Qc6 24. Qxc6 Nxc6 25. Nf3 Kf8 26. Kf1 Ke7 27. Ke2 Na7 28. Bd2 Bxd2 29. Nxd2 Nc6 30. Kd3 Nb4+ 31. Kc3 1/2-1/2

[Event "AUT-ch U18"]
[Site "Marz"]
[Date "2013.03.26"]
[Round "5"]
[White "Rauchlahner, Robert Jr"]
[Black "Gassner, Michael"]
[Result "1/2-1/2"]
[WhiteElo "1739"]
[BlackElo "2134"]
[PlyCount "68"]
[EventDate "2013.03.24"]
[EventType "swiss"]
[EventRounds "7"]
[EventCountry "AUT"]
[SourceTitle "CBM 153 Extra"]
[Source "ChessBase"]
[SourceDate "2013.04.22"]
[SourceVersion "1"]
[SourceVersionDate "2013.04.22"]
[SourceQuality "1"]

1. d4 d5 2. Nf3 Nf6 3. c4 e6 4. Nc3 Be7 5. Bf4 0-0 6. e3 c6 7. Bd3 Nbd7 8. 0-0 h6 9. cxd5 exd5 10. Rb1 Nh5 11. Be5 Qa5 12. a3 Nxe5 13. Nxe5 Nf6 14. b4 Qc7 15. b5 c5 16. Rc1 b6 17. Bb1 Bb7 18. a4 Bd6 19. f4 Rac8 20. Qd3 Rfd8 21. h3 Qe7 22. Qf5 g6 23. Qd3 Ne4 24. Ba2 cxd4 25. exd4 Bxe5 26. fxe5 Qa3 27. Qf3 Ng5 28. Qe3 Ne4 29. Qf4 Rxc3 30. Qxf7+ Kh8 31. Rxc3 Qxc3 32. Qxb7 Qxd4+ 33. Kh2 Qxe5+ 34. Kg1 Qd4+ 1/2-1/2

[Event "AUT-ch U18"]
[Site "Marz"]
[Date "2013.03.24"]
[Round "2"]
[White "Nussbaumer, Leon"]
[Black "Rauchlahner, Robert Jr"]
[Result "0-1"]
[WhiteElo "1868"]
[BlackElo "1739"]
[PlyCount "86"]
[EventDate "2013.03.24"]
[EventType "swiss"]
[EventRounds "7"]
[EventCountry "AUT"]
[SourceTitle "CBM 153 Extra"]
[Source "ChessBase"]
[SourceDate "2013.04.22"]
[SourceVersion "1"]
[SourceVersionDate "2013.04.22"]
[SourceQuality "1"]

1. e4 c5 2. Nf3 d6 3. d4 cxd4 4. Nxd4 Nf6 5. Nc3 g6 6. Be3 Bg7 7. f3 Nc6 8. Qd2 0-0 9. Bc4 Nd7 10. Nxc6 bxc6 11. 0-0-0 Qa5 12. Bd4 Ne5 13. Bb3 c5 14. Bxe5 Bxe5 15. f4 Bxc3 16. Qxc3 Qxc3 17. bxc3 Be6 18. Bxe6 fxe6 19. g3 Rab8 20. a3 Rb6 21. Kd2 Ra6 22. Ra1 Rb8 23. c4 Ra4 24. Kc3 Kf7 25. Rhf1 Kf6 26. h3 e5 27. f5 g5 28. g4 h5 29. Rh1 Rh8 30. Kb3 Ra6 31. c3 Rb6+ 32. Kc2 Rbb8 33. Rag1 Rbg8 34. a4 hxg4 35. Rxg4 Rh4 36. Kd3 Rgh8 37. Rxh4 Rxh4 38. Ke3 g4 39. a5 Rxh3+ 40. Rxh3 gxh3 41. Kf3 Kg5 42. Kg3 h2 43. Kxh2 Kf4 0-1

[Event "Steyr Landesliga 1213"]
[Site "Austria"]
[Date "2013.03.16"]
[Round "8.8"]
[White "Lymysalo, Venla"]
[Black "Rauchlahner, Robert Jr"]
[Result "1/2-1/2"]
[WhiteElo "1636"]
[BlackElo "1739"]
[PlyCount "98"]
[EventDate "2012.09.22"]
[EventType "team-tourn"]
[EventRounds "11"]
[EventCountry "AUT"]
[SourceTitle "EXT 2014"]
[Source "ChessBase"]
[SourceDate "2013.11.20"]
[SourceVersion "1"]
[SourceVersionDate "2013.11.20"]
[SourceQuality "1"]
[WhiteTeam "Graz Styria"]
[BlackTeam "Leoben"]
[WhiteTeamCountry "AUT"]
[BlackTeamCountry "AUT"]

1. d4 d5 2. c4 c6 3. Nf3 Nf6 4. Nc3 e6 5. e3 Bd6 6. Bd3 0-0 7. 0-0 Nbd7 8. e4 dxc4 9. Bxc4 e5 10. Bg5 Qc7 11. h3 h6 12. Bh4 exd4 13. Bxf6 dxc3 14. Bxc3 Ne5 15. Nxe5 Bxe5 16. Qc2 Be6 17. Bxe6 fxe6 18. Rad1 Rf7 19. Bxe5 Qxe5 20. f3 Raf8 21. Rd3 g5 22. Qc3 Qxc3 23. bxc3 Rc7 24. Rfd1 Rff7 25. Kf2 b5 26. a3 a5 27. Rd6 Rfe7 28. Rb1 Kf7 29. c4 bxc4 30. Rc1 Red7 31. Rxd7+ Rxd7 32. Rxc4 Rd3 33. Ra4 h5 34. Rxa5 Rd2+ 35. Kg1 Kf6 36. Rc5 Ra2 37. Rxc6 Rxa3 38. Rc2 Ke5 39. Kf2 h4 40. g3 Kd4 41. gxh4 gxh4 42. Rd2+ Ke5 43. Rd8 Ra2+ 44. Ke3 Rh2 45. f4+ Kf6 46. Rh8 Rxh3+ 47. Kf2 Kg7 48. Rh5 Kg6 49. Rh8 Kg7 1/2-1/2

[Event "Steyr Landesliga 1213"]
[Site "Austria"]
[Date "2013.02.02"]
[Round "6.8"]
[White "Rauchlahner, Robert Jr"]
[Black "Schloffer, Jasmin Denise"]
[Result "0-1"]
[WhiteElo "1739"]
[BlackElo "1499"]
[PlyCount "66"]
[EventDate "2012.09.22"]
[EventType "team-tourn"]
[EventRounds "11"]
[EventCountry "AUT"]
[SourceTitle "EXT 2014"]
[Source "ChessBase"]
[SourceDate "2013.11.20"]
[SourceVersion "1"]
[SourceVersionDate "2013.11.20"]
[SourceQuality "1"]
[WhiteTeam "Leoben"]
[BlackTeam "Feldbach Kirchberg"]
[WhiteTeamCountry "AUT"]
[BlackTeamCountry "AUT"]

1. d4 Nf6 2. Nf3 e6 3. c4 b6 4. Nc3 Bb7 5. Bg5 Be7 6. e3 Ne4 7. Nxe4 Bxe4 8. Bxe7 Qxe7 9. Nd2 Bb7 10. Be2 0-0 11. Bf3 Bxf3 12. Qxf3 c6 13. a3 d5 14. 0-0 Nd7 15. Rac1 Nf6 16. Rc3 Rac8 17. Rfc1 Qd7 18. Qd1 c5 19. Nf3 dxc4 20. Ne5 Qb7 21. Nxc4 Rfd8 22. Qf1 Qb8 23. dxc5 Rxc5 24. b4 Rcd5 25. f3 h6 26. e4 R5d7 27. Qe2 b5 28. Ne3 Rd2 29. Qxd2 Rxd2 30. Rc8+ Qxc8 31. Rxc8+ Kh7 32. Rb8 Rd3 33. Nc2 Rd1+ 0-1

[Event "AUT-ch U18"]
[Site "Untersiebenbrunn"]
[Date "2012.04.05"]
[Round "7"]
[White "Rauchlahner, Robert Jr"]
[Black "Ly, Dominik"]
[Result "1/2-1/2"]
[WhiteElo "1854"]
[BlackElo "1843"]
[PlyCount "56"]
[EventDate "2012.04.01"]
[EventType "swiss"]
[EventRounds "7"]
[EventCountry "AUT"]
[SourceTitle "CBM 147 Extra"]
[Source "ChessBase"]
[SourceDate "2012.04.24"]
[SourceVersion "1"]
[SourceVersionDate "2012.04.24"]
[SourceQuality "1"]

1. d4 d5 2. Nf3 e6 3. c4 Be7 4. Nc3 Nf6 5. Bg5 h6 6. Bh4 0-0 7. e3 b6 8. cxd5 Nxd5 9. Bxe7 Nxe7 10. Bd3 Bb7 11. 0-0 Nd7 12. Be4 Bxe4 13. Nxe4 Nd5 14. Rc1 Qe7 15. Rc6 Rfc8 16. Qb3 Qb4 17. Qxb4 Nxb4 18. Rc4 Nd5 19. Rfc1 a5 20. a3 Rab8 21. Rc6 b5 22. Ned2 Rb7 23. h3 a4 24. Ne4 N5b6 25. Nc5 Ra7 26. Ne4 Rb7 27. Nc5 Ra7 28. Ne4 Rb7 1/2-1/2

[Event "Obersteyr-ch"]
[Site "Muerzhofen"]
[Date "2012.01.07"]
[Round "6"]
[White "Haiden, Guenter"]
[Black "Rauchlahner, Robert Jr"]
[Result "1/2-1/2"]
[WhiteElo "1810"]
[BlackElo "1854"]
[PlyCount "32"]
[EventDate "2012.01.04"]
[EventType "swiss"]
[EventRounds "7"]
[EventCountry "AUT"]
[SourceTitle "EXT 2014"]
[Source "ChessBase"]
[SourceDate "2013.11.20"]
[SourceVersion "1"]
[SourceVersionDate "2013.11.20"]
[SourceQuality "1"]

1. d4 d5 2. c4 c6 3. Nf3 Nf6 4. e3 e6 5. a3 Bd6 6. Nc3 Nbd7 7. Be2 0-0 8. 0-0 Re8 9. Qc2 Nf8 10. b3 dxc4 11. Bxc4 e5 12. Ne4 Nxe4 13. Qxe4 exd4 14. Qxd4 Qf6 15. Qxf6 gxf6 16. Bb2 Be5 1/2-1/2

[Event "Steyr Landesliga 1112"]
[Site "Austria"]
[Date "2011.09.24"]
[Round "1.8"]
[White "Rauchlahner, Robert Jr"]
[Black "Hammer, Johannes"]
[Result "1/2-1/2"]
[WhiteElo "1751"]
[BlackElo "1721"]
[PlyCount "48"]
[EventDate "2011.09.24"]
[EventType "team-tourn"]
[EventRounds "11"]
[EventCountry "AUT"]
[SourceTitle "EXT 2013"]
[Source "ChessBase"]
[SourceDate "2012.11.22"]
[SourceVersion "1"]
[SourceVersionDate "2012.11.22"]
[SourceQuality "1"]
[WhiteTeam "Leoben"]
[BlackTeam "Hartberg"]
[WhiteTeamCountry "AUT"]
[BlackTeamCountry "AUT"]

1. d4 e6 2. Nf3 d5 3. c4 Nf6 4. Nc3 Be7 5. Bg5 0-0 6. e3 Nbd7 7. Bd3 h6 8. Bh4 c5 9. 0-0 Nb6 10. cxd5 Nfxd5 11. Bxe7 Qxe7 12. Nxd5 Nxd5 13. dxc5 Qxc5 14. Rc1 Qb6 15. b3 Rd8 16. Qe2 Bd7 17. Ne5 Qd6 18. Nc4 Qe7 19. Bb1 Bb5 20. e4 Nf6 21. e5 Nd5 22. Qe4 g6 23. h4 h5 24. Rfe1 Bxc4 1/2-1/2

[Event "AUT-ch U14"]
[Site "Eisenstadt"]
[Date "2010.05.24"]
[Round "6.7"]
[White "Nussbaumer, Laslo"]
[Black "Rauchlahner, Robert Jr"]
[Result "1/2-1/2"]
[WhiteElo "1639"]
[BlackElo "1582"]
[PlyCount "90"]
[EventDate "2010.05.22"]
[EventType "swiss"]
[EventRounds "7"]
[EventCountry "AUT"]
[SourceTitle "EXT 2024"]
[Source "ChessBase"]
[SourceDate "2023.10.10"]
[SourceVersion "1"]
[SourceVersionDate "2023.10.10"]
[SourceQuality "1"]

1. e4 d6 2. d4 Nf6 3. Nc3 g6 4. Nf3 Bg7 5. Bc4 Bg4 6. h3 Bxf3 7. Qxf3 Nc6 8. Be3 e5 9. d5 Ne7 10. Bg5 Nd7 11. 0-0-0 a6 12. h4 h6 13. Be3 b5 14. Bb3 Nb6 15. h5 g5 16. Qg4 Qd7 17. Qxd7+ Kxd7 18. g3 b4 19. Ne2 a5 20. Bxb6 cxb6 21. Ba4+ Kc7 22. c4 Rhf8 23. g4 Ng8 24. Ng3 Ne7 25. Rd3 Rfc8 26. Rf3 f6 27. Nf5 Nxf5 28. Rxf5 Kd8 29. Bc6 Rab8 30. a3 bxa3 31. b3 b5 32. Rf3 bxc4 33. bxc4 a2 34. Kc2 Rb4 35. Rc3 Rcb8 36. Bb5 Kc7 37. Ra1 Kb6 38. Rxa2 Ra8 39. Rca3 Bf8 40. Ra4 Rxa4 41. Bxa4 Kc7 42. Rb2 Rb8 43. Rxb8 Kxb8 44. Bc6 Ka7 45. Kb3 Kb6 1/2-1/2

[Event "AUT-ch U14"]
[Site "Eisenstadt"]
[Date "2010.05.24"]
[Round "5.5"]
[White "Rauchlahner, Robert Jr"]
[Black "Penz, Florian"]
[Result "0-1"]
[WhiteElo "1582"]
[BlackElo "1452"]
[PlyCount "62"]
[EventDate "2010.05.22"]
[EventType "swiss"]
[EventRounds "7"]
[EventCountry "AUT"]
[SourceTitle "EXT 2024"]
[Source "ChessBase"]
[SourceDate "2023.10.10"]
[SourceVersion "1"]
[SourceVersionDate "2023.10.10"]
[SourceQuality "1"]

1. d4 d5 2. Nf3 Nf6 3. c4 c6 4. Nc3 e6 5. cxd5 exd5 6. Bg5 Be7 7. e3 Nbd7 8. Bd3 0-0 9. 0-0 Re8 10. a3 Nf8 11. b4 a6 12. Qb3 Ng6 13. a4 Bg4 14. Nd2 Ne4 15. Bxe4 Bxg5 16. Bf3 Bf5 17. Rfe1 Nh4 18. b5 axb5 19. axb5 Qe7 20. Rec1 Rxa1 21. Rxa1 Bxe3 22. Nxd5 Nxf3+ 23. Nxf3 cxd5 24. Qxe3 Qxe3 25. fxe3 Bd3 26. b6 f6 27. Rc1 Rxe3 28. Rc8+ Kf7 29. Rc7+ Re7 30. Rc5 Bc4 31. Nd2 Re1+ 0-1

[Event "AUT-ch U14"]
[Site "Eisenstadt"]
[Date "2010.05.22"]
[Round "2.6"]
[White "Rauchlahner, Robert Jr"]
[Black "Hribernig, Florian"]
[Result "1-0"]
[WhiteElo "1582"]
[BlackElo "1736"]
[PlyCount "97"]
[EventDate "2010.05.22"]
[EventType "swiss"]
[EventRounds "7"]
[EventCountry "AUT"]
[SourceTitle "EXT 2024"]
[Source "ChessBase"]
[SourceDate "2023.10.10"]
[SourceVersion "1"]
[SourceVersionDate "2023.10.10"]
[SourceQuality "1"]

1. d4 d5 2. Nf3 Nf6 3. c4 e6 4. Nc3 c6 5. cxd5 exd5 6. Bg5 Be7 7. e3 Qb6 8. Qc2 Nbd7 9. Bd3 Bd6 10. 0-0 0-0 11. a3 h6 12. Bh4 Re8 13. b4 a6 14. Na4 Qc7 15. Bg3 Ne4 16. Bxe4 Rxe4 17. Nc5 Nxc5 18. Qxc5 Bxg3 19. hxg3 Qe7 20. Nd2 Qxc5 21. bxc5 Re7 22. Rab1 Bf5 23. Rb6 Bd3 24. Rc1 Bb5 25. Nb1 Ra7 26. Nc3 f6 27. Re1 f5 28. f3 Bd3 29. Nd1 Ra8 30. Nb2 Bc4 31. Nxc4 dxc4 32. Rb4 Rae8 33. Kf2 g5 34. Rxc4 f4 35. gxf4 gxf4 36. e4 Rd8 37. Rb1 Kf7 38. Rh1 Kg6 39. g4 Red7 40. Rd1 h5 41. gxh5+ Kxh5 42. e5 Kg5 43. Ke2 Kf5 44. Kd3 Rd5 45. Rh1 Kg5 46. Ke4 R5d7 47. Rg1+ Kh4 48. Rg4+ Kh5 49. Rxf4 1-0

[Event "Steyr-ch U12"]
[Site "Soechau"]
[Date "2007.04.21"]
[Round "8"]
[White "Rauchlahner, Robert Jr"]
[Black "Weiermair, Theresia"]
[Result "1-0"]
[WhiteElo "1378"]
[BlackElo "1200"]
[PlyCount "41"]
[EventDate "2007.04.14"]
[EventType "swiss"]
[EventRounds "9"]
[EventCountry "AUT"]
[SourceTitle "EXT 2010"]
[Source "ChessBase"]
[SourceDate "2010.11.25"]
[SourceVersion "1"]
[SourceVersionDate "2010.11.25"]
[SourceQuality "1"]

1. d4 g6 2. Nf3 d6 3. Bf4 Bg7 4. e3 Nf6 5. c4 Be6 6. Nc3 Nc6 7. d5 Bxd5 8. cxd5 e5 9. Bg5 Ne7 10. Bb5+ Nd7 11. Qa4 a6 12. Bxe7 Qxe7 13. 0-0 0-0-0 14. Bxa6 bxa6 15. Qxa6+ Kb8 16. a4 Nb6 17. a5 Na8 18. Ra3 Nb6 19. Rb3 Qd7 20. axb6 Qc8 21. Qa7# 1-0

[Event "AUT-ch U10"]
[Site "St Leonhard/Forst"]
[Date "2006.??.??"]
[Round "2"]
[White "Kessler, Luca"]
[Black "Rauchlahner, Robert Jr"]
[Result "1-0"]
[WhiteElo "1663"]
[BlackElo "1362"]
[PlyCount "141"]
[EventDate "2006.05.??"]
[EventType "swiss"]
[EventRounds "7"]
[EventCountry "AUT"]
[SourceTitle "EXT 2009"]
[Source "ChessBase"]
[SourceDate "2008.11.26"]
[SourceVersion "1"]
[SourceVersionDate "2008.11.26"]
[SourceQuality "1"]

1. e4 c5 2. Nc3 d6 3. d3 Nc6 4. Be3 g6 5. Qd2 Bd7 6. g3 Bg7 7. Bg2 Nd4 8. Nge2 Nxe2 9. Nxe2 b6 10. c3 Nf6 11. 0-0 0-0 12. Bh6 Qc8 13. Bxg7 Kxg7 14. f4 Bh3 15. f5 Bxg2 16. Kxg2 Ng4 17. h3 Nf6 18. g4 c4 19. g5 Nh5 20. Nf4 Nxf4+ 21. Qxf4 cxd3 22. f6+ exf6 23. gxf6+ Kh8 24. Qh6 Rg8 25. Rf4 Qf8 26. Qxf8 Rgxf8 27. Rd1 Rfe8 28. Rxd3 Re6 29. Kf3 Rd8 30. Rd4 Re5 31. Rd5 Kg8 32. Ke3 Rxd5 33. exd5 Re8+ 34. Kd3 Re5 35. c4 Rh5 36. h4 h6 37. Re4 b5 38. b3 Kf8 39. Kd4 b4 40. c5 dxc5+ 41. Kxc5 Rf5 42. Kc6 Rxf6+ 43. d6 g5 44. hxg5 hxg5 45. Kc7 Rf5 46. Rc4 Re5 47. d7 Re7 48. Kc8 f6 49. d8Q+ Re8 50. Qxe8+ Kxe8 51. Rxb4 Ke7 52. Kb7 Ke6 53. Kxa7 Ke5 54. a4 f5 55. Rb8 f4 56. Re8+ Kf5 57. b4 f3 58. b5 Kg4 59. b6 f2 60. Rf8 Kg3 61. b7 Kg2 62. b8Q g4 63. Qb7+ Kg3 64. Qb3+ Kg2 65. Kb6 g3 66. Qxg3+ Kxg3 67. Rxf2 Kxf2 68. a5 Ke3 69. a6 Kd4 70. a7 Ke5 71. a8Q 1-0

[Event "AUT-ch U10"]
[Site "St Leonhard/Forst"]
[Date "2006.??.??"]
[Round "3"]
[White "Rauchlahner, Robert Jr"]
[Black "Berger, Tobias"]
[Result "1-0"]
[WhiteElo "1362"]
[BlackElo "1200"]
[PlyCount "141"]
[EventDate "2006.05.??"]
[EventType "swiss"]
[EventRounds "7"]
[EventCountry "AUT"]
[SourceTitle "EXT 2009"]
[Source "ChessBase"]
[SourceDate "2008.11.26"]
[SourceVersion "1"]
[SourceVersionDate "2008.11.26"]
[SourceQuality "1"]

1. d4 d5 2. c4 c6 3. Nf3 Nf6 4. Nc3 g6 5. Bg5 Bg7 6. e3 0-0 7. cxd5 cxd5 8. Be2 Bf5 9. Qb3 b6 10. Bxf6 exf6 11. Qxd5 Qxd5 12. Nxd5 Nc6 13. Rc1 Be4 14. Nc3 f5 15. Nxe4 fxe4 16. Rxc6 exf3 17. Bxf3 Rad8 18. 0-0 Rfe8 19. Rfc1 h5 20. Rc7 a5 21. R1c6 Rb8 22. Bd5 Rf8 23. Rxg6 Rbd8 24. Bc4 b5 25. Rxg7+ Kxg7 26. Bxb5 Rb8 27. a4 Rfc8 28. Rxc8 Rxc8 29. h3 Rc1+ 30. Kh2 Rb1 31. Kg3 Rxb2 32. f3 Kg6 33. d5 Rd2 34. e4 f5 35. exf5+ Kxf5 36. Bc6 Rd1 37. Kh4 Rd2 38. g4+ hxg4 39. fxg4+ Kg6 40. Kg3 Rd3+ 41. Kf4 Rxh3 42. d6 Rd3 43. d7 Kf6 44. g5+ Ke7 45. Kf5 Rd1 46. Kg6 Rg1 47. Kh6 Rg3 48. g6 Rh3+ 49. Kg7 Rh2 50. Kg8 Rh4 51. g7 Rh2 52. Be4 Kxd7 53. Bh7 Rg2 54. Kh8 Rxg7 55. Kxg7 Kc6 56. Bd3 Kb6 57. Kf6 Kc5 58. Ke6 Kb4 59. Bc2 Kc5 60. Kd7 Kb6 61. Bd3 Kb7 62. Bb5 Kb6 63. Kc8 Ka7 64. Kc7 Ka8 65. Kb6 Kb8 66. Kxa5 Ka7 67. Bc6 Kb8 68. Kb6 Kc8 69. a5 Kb8 70. a6 Kc8 71. a7 1-0

[Event "AUT-ch U10"]
[Site "St Leonhard/Forst"]
[Date "2006.??.??"]
[Round "5"]
[White "Rauchlahner, Robert Jr"]
[Black "Schneck, Rainer"]
[Result "1-0"]
[WhiteElo "1362"]
[BlackElo "1336"]
[PlyCount "65"]
[EventDate "2006.05.??"]
[EventType "swiss"]
[EventRounds "7"]
[EventCountry "AUT"]
[SourceTitle "EXT 2009"]
[Source "ChessBase"]
[SourceDate "2008.11.26"]
[SourceVersion "1"]
[SourceVersionDate "2008.11.26"]
[SourceQuality "1"]

1. d4 d5 2. c4 dxc4 3. Nf3 Nf6 4. Nc3 b6 5. Bf4 Bb7 6. e3 e6 7. Bxc4 Bb4 8. Qc2 Bxc3+ 9. Qxc3 Ne4 10. Qc2 0-0 11. Bd3 f5 12. Qxc7 Qxc7 13. Bxc7 Nd7 14. 0-0 e5 15. dxe5 Rfe8 16. Rac1 Rac8 17. Bb5 Re7 18. Bd6 Rf7 19. Rxc8+ Bxc8 20. Bc4 a5 21. Bxf7+ Kxf7 22. Rc1 Ba6 23. Rc7 Ke6 24. Nd4+ Kf7 25. Rxd7+ Kg6 26. e6 Nf6 27. Be5 Bc8 28. Bxf6 Kxf6 29. Rf7+ Kg6 30. Rxf5 Bxe6 31. Nxe6 Kxf5 32. Nxg7+ Kg6 33. Ne8 1-0